00434 2200169 4500245004200000020002200042250001100064700001600075700002000091650002100111005001900132260005700151041001400208084001000222300002300232336000900255 aWortel-Wortel WelicBarbara EnihText a978-602-437-727-4 aCet. 1 aBarbara Eni aRetno Handayani aCerita Bergambar a20240926141529 aJakartabKementerian Pendidikan dan Kebudayaanc2019 aIndonesia a741.5 a18 hlm. :c29,7 cm atext